000 00635nam a2200217Ii 4500
001 11915
003 CO-ViMGA
008 241108s9999||||xx |||||||||||||| ||und||
020 _a8428105014
040 _aCO-ViMGA
_bspa
_erda
_cCO-ViMGA
041 0 _aspa
082 0 4 _a574.5 S255
100 1 _aCarlos Saura
_945514
245 1 0 _aEcología:
_bUna Ciencia para la didáctica del Medio Ambiente
264 1 _aMadrid, España : Oikos-Tau, 1982
300 _avolumen
336 _atext
_btxt
_2rdacontent
337 _aunmediated
_bn
_2rdamedia
338 _avolume
_bnc
_2rdacarrier
940 _aidficha_siabuc: 11625. -- ficha_no_siabuc:11915
999 _c40038
_d40038